Click Les raccourcis clavier de Windows - Statistiques

Statistiques générales
  • Ce quiz a été pris 140 fois
  • Le résultat moyen est 10 sur 25
Statistiques - réponses
Hint Réponse % Correct
Ctrl+C Copier
92%
Ctrl+V Coller
82%
Ctrl+X Couper
70%
Ctrl+R ou F5 Actualiser la fenêtre active
63%
Ctrl+Z Annuler
63%
Alt+Tab Basculer entre applications
61%
Ctrl+P Imprimer
54%
Ctrl+A Tout sélectionner
53%
Logo Windows + L Verrouiller le PC
50%
Clic+roulette de la souris Zoomer/dézoomer
45%
Ctrrl+N Ouvrir une fenêtre
40%
Echap Annuler le processus en cours
38%
Ctrl+F4 Fermer une fenêtre
36%
Ctrl+Alt+Suppr Ouvrir le gestionnaire de tâche
32%
Ctrl+flèche gauche Placer le curseur au début du mot
31%
Ctrl+Y Rétablir
28%
Ctrl+clic Sélectionner plusieurs fichiers
27%
Majuscule+Suppr Supprimer définitivement un fichier
27%
Logo Windows + E Afficher le poste de travail
22%
Logo Windows + F Lancer une recherche
22%
Majuscule+Clic Sélectionner les fichiers compris entre le 1er et le 2e
21%
Alt+Majuscule Repasser le clavier en français
20%
Logo Windows + D Masquer toutes les fenêtres
19%
Ctrl+retour arrière Supprimer un mot entier
17%
Ctrl+Majuscule+Clic Ouvrir un programme comme administrateur
13%
Aucun quiz correspondant
Distribution des résultats
% des personnes avec chaque résultat
Percentile par nombre de réponses
Votre historique - résultats
Vous n’avez pas pris ce quiz